[Event "VI Torneo Parthenope A"]
[Site "Napoli ITA"]
[Date "2014.06.17"]
[Round "5"]
[White "Baltzopoulos, Giorgos"]
[Black "De Rosa, Francesco"]
[WhiteElo "2003"]
[BlackElo "1917"]
[Result "1-0"]
[PlyCount "65"]
[EventDate "2014.05.22"]

1. d4 Nf6 2. c4 e6 3. Nc3 Bb4 4. f3 d5 5. a3 Bxc3+ 6. bxc3 O-O 7. cxd5 exd5 8.
e3 Bf5 9. Ne2 h6 10. Ng3 Bh7 11. Bd3 c5 12. O-O Nc6 13. Ra2 cxd4 14. cxd4 Rc8
15. Re2 Re8 16. Bb2 Qb6 17. Kh1 Na5 18. e4 Nc4 19. Ba1 Qa5 20. e5 Nd7 21. Bxh7+
Kxh7 22. Qd3+ Kg8 23. Qf5 Nf8 24. Qh5 Nd2 25. Rfe1 Ne6 26. Nf5 Rc2 27. Qg4 Qa6
28. f4 h5 29. Qg3 Ne4 30. Rxe4 dxe4 31. d5 g6 32. dxe6 Rxe6 33. Nd4 {...} 1-0

[Event "VI Torneo Parthenope A"]
[Site "Napoli ITA"]
[Date "2014.06.17"]
[Round "5"]
[White "Buiano, Fabio"]
[Black "Seletsky, Grigory"]
[WhiteElo "2066"]
[BlackElo "2341"]
[Result "0-1"]
[PlyCount "104"]
[EventDate "2014.05.22"]

1. e4 c6 2. Nf3 d5 3. exd5 cxd5 4. Ne5 Nd7 5. d4 e6 6. Bd3 Nxe5 7. dxe5 Bd7 8.
O-O Ne7 9. Nc3 Nc6 10. f4 g6 11. Re1 Bg7 12. Nb5 O-O 13. Be3 f6 14. Bc5 fxe5
15. Bxf8 Qb6+ 16. Kh1 Rxf8 17. Qd2 e4 18. Bf1 Nb8 19. c4 Bxb5 20. cxb5 Qd4 21.
Qxd4 Bxd4 22. g3 Bxb2 23. Rab1 Ba3 24. Bh3 Kf7 25. Rb3 Bc5 26. a4 Ke7 27. a5
Nd7 28. Re2 e5 29. b6 axb6 30. Bxd7 Kxd7 31. fxe5 Ke6 32. axb6 Kxe5 33. Rc2 Bd6
34. Kg2 h5 35. Rb5 e3 36. Ra5 Ke4 37. Ra7 d4 38. Ra4 Be5 39. Re2 Rf6 40. Rb4 g5
41. Rc2 g4 42. Re2 Rc6 43. Ra2 Bd6 44. Rb5 Bc5 45. Ra4 Kd5 46. Rb3 Bd6 47. Ra2
Rc4 48. Kf1 Ke4 49. Ke2 Rc1 50. Ra4 Rc2+ 51. Kd1 Rxh2 52. Ra5 Bxg3 0-1

[Event "VI Torneo Parthenope A"]
[Site "Napoli ITA"]
[Date "2014.06.17"]
[Round "5"]
[White "Caiazzo, Diego"]
[Black "Sparice, Lorenzo"]
[WhiteElo "1780"]
[BlackElo "1473"]
[Result "1/2-1/2"]
[PlyCount "60"]
[EventDate "2014.05.22"]

1. d4 e6 2. e4 b6 3. Nf3 Bb7 4. Bd3 a6 5. O-O d6 6. c4 Be7 7. Nc3 c5 8. d5 e5
9. Ne1 Nf6 10. f4 Nbd7 11. Nf3 O-O 12. fxe5 Nxe5 13. Nxe5 dxe5 14. Bg5 Bc8 15.
Qe1 Nxd5 16. exd5 Bxg5 17. Qe2 f5 18. Rae1 e4 19. Bc2 Bf6 20. Kh1 Bxc3 21. bxc3
Qd6 22. a4 a5 23. Rb1 Rf6 24. Qe3 Rh6 25. g3 Bd7 26. Rf2 Rf6 27. Rbf1 Re8 28.
Bd1 Ref8 29. Be2 Re8 30. Bd1 Ref8 1/2-1/2

[Event "VI Torneo Parthenope A"]
[Site "Napoli ITA"]
[Date "2014.06.17"]
[Round "5"]
[White "Capozzoli, Silvio"]
[Black "Freda, Guido"]
[WhiteElo "1743"]
[BlackElo "1570"]
[Result "0-1"]
[PlyCount "73"]
[EventDate "2014.05.22"]

1. d4 d5 2. Nf3 Nf6 3. e3 Bg4 4. h3 Bh5 5. Nbd2 e6 6. Be2 c5 7. c3 Nc6 8. O-O
Bd6 9. Qb3 Qc7 10. Qb5 a6 11. Qa4 O-O 12. Qd1 Rab8 13. dxc5 Bxc5 14. Re1 Rfd8
15. Nf1 Ne4 16. a4 Bd6 17. Nh4 Bxe2 18. Qxe2 Be7 19. Nf3 Na5 20. Qc2 Bf6 21.
Nd4 e5 22. Nf3 Rd7 23. Bd2 Nc4 24. Rec1 Rc8 25. Be1 Ncd6 26. N1d2 Nxd2 27. Qxd2
e4 28. Nd4 Nc4 29. Qe2 Ne5 30. f4 exf3 31. Nxf3 Qb6 32. Nd4 Re8 33. Bf2 Rde7
34. Kh1 Nc4 35. Rc2 Nxe3 36. Bxe3 Rxe3 37. Qg4 0-1

[Event "VI Torneo Parthenope A"]
[Site "Napoli ITA"]
[Date "2014.06.17"]
[Round "5"]
[White "Di Gennaro, Antonio"]
[Black "Angelotti, Mario"]
[WhiteElo "1674"]
[BlackElo "1718"]
[Result "0-1"]
[PlyCount "42"]
[EventDate "2014.05.22"]

1. e4 e5 2. Nf3 Nf6 3. Nxe5 d6 4. Nf3 Nxe4 5. c4 Be7 6. d4 Nc6 7. d5 Ne5 8.
Nxe5 dxe5 9. Qb3 O-O 10. Nd2 Nc5 11. Qf3 f5 12. Nb3 e4 13. Qe3 f4 14. Qd4 b6
15. Nxc5 Bxc5 16. Qc3 a5 17. Qc2 Bf5 18. Qd1 e3 19. fxe3 Qh4+ 20. g3 fxg3 21.
Kd2 Bb4+ 0-1

[Event "VI Torneo Parthenope A"]
[Site "Napoli ITA"]
[Date "2014.06.17"]
[Round "5"]
[White "Donadio, Andrea"]
[Black "Zinnai, Graziano Matteo"]
[WhiteElo "1909"]
[BlackElo "2032"]
[Result "0-1"]
[PlyCount "62"]
[EventDate "2014.05.22"]

1. d4 Nf6 2. Bf4 d6 3. e3 g6 4. Be2 Bg7 5. h3 O-O 6. Nf3 Nfd7 7. c4 e5 8. Bh2
Nc6 9. d5 Ne7 10. Nc3 h6 11. O-O f5 12. Ne1 Nf6 13. Qc2 g5 14. f4 gxf4 15. exf4
e4 16. Kh1 a6 17. b4 Qe8 18. Qb3 Qg6 19. c5 Nh5 20. cxd6 cxd6 21. Bxh5 Qxh5 22.
Rc1 Bd7 23. Bg1 Rac8 24. Kh2 Bb5 25. Rf2 Bc4 26. Qd1 Qxd1 27. Nxd1 Nxd5 28.
Rfc2 b5 29. a3 Nxf4 30. Rd2 Be5 31. Kh1 Ne2 0-1

[Event "VI Torneo Parthenope A"]
[Site "Napoli ITA"]
[Date "2014.06.17"]
[Round "5"]
[White "Esposito, Luca"]
[Black "Messina, Enrico"]
[WhiteElo "2214"]
[BlackElo "2169"]
[Result "1-0"]
[PlyCount "75"]
[EventDate "2014.05.22"]

1. Nf3 d6 2. d4 Nf6 3. c4 Nbd7 4. Nc3 e5 5. g3 Be7 6. Bg2 O-O 7. O-O c6 8. e4
a5 9. Re1 Qc7 10. h3 Re8 11. Qc2 Bf8 12. Be3 exd4 13. Nxd4 Nc5 14. b3 g6 15.
Rad1 Bd7 16. Bg5 Be7 17. Qd2 Rad8 18. Ndb5 Qb6 19. Nxd6 Bxh3 20. e5 Bxg2 21.
Kxg2 Nh5 22. Bxe7 Rxe7 23. Qg5 Red7 24. Rh1 f6 25. exf6 Rxd6 26. Rxd6 Rxd6 27.
Rxh5 Nd3 28. c5 Ne1+ 29. Kf1 Qa6+ 30. Kxe1 Re6+ 31. Kd2 Qf1 32. f7+ Kxf7 33.
Rxh7+ Kg8 34. Qd8+ Kxh7 35. Qd7+ Kh6 36. Qxe6 Qxf2+ 37. Ne2 Qg2 38. Ke3 1-0

[Event "VI Torneo Parthenope A"]
[Site "Napoli ITA"]
[Date "2014.06.17"]
[Round "5"]
[White "Taurisano, Vincenzo"]
[Black "Franzese, Luigi"]
[WhiteElo "1934"]
[BlackElo "1864"]
[Result "0-1"]
[PlyCount "72"]
[EventDate "2014.05.22"]

1. d4 Nf6 2. c4 e6 3. Nc3 Bb4 4. a3 Bxc3+ 5. bxc3 b6 6. Bg5 O-O 7. Nf3 d6 8. e4
h6 9. Bxf6 Qxf6 10. Bd3 e5 11. h3 Nd7 12. O-O a5 13. Qa4 Qd8 14. Rab1 Ba6 15.
Rfd1 Qe7 16. Bf1 Nf6 17. dxe5 dxe5 18. Qc6 Rab8 19. Bd3 Bb7 20. Qb5 Nd7 21. Qb2
Nc5 22. Qe2 Rbd8 23. Bc2 Bc6 24. Ne1 Rxd1 25. Rxd1 Rd8 26. f3 f6 27. g4 Ne6 28.
Ng2 Rxd1+ 29. Qxd1 Qd6 30. Qe2 Nf4 31. Nxf4 exf4 32. Kf2 g5 33. Kf1 Be8 34. Ke1
Bf7 35. Bd3 Qxa3 36. Qc2 Qa1+ 0-1

[Event "VI Torneo Parthenope A"]
[Site "Napoli ITA"]
[Date "2014.06.17"]
[Round "5"]
[White "Tortorella, Eduardo"]
[Black "Auletta, Pasquale"]
[WhiteElo "1493"]
[BlackElo "1557"]
[Result "0-1"]
[PlyCount "50"]
[EventDate "2014.05.22"]

1. e4 c5 2. c4 Nc6 3. b3 Nf6 4. Nc3 e6 5. Nf3 d5 6. exd5 exd5 7. cxd5 Nxd5 8.
Bc4 Nb6 9. Qe2+ Be7 10. Rf1 O-O 11. d3 Re8 12. Kd1 Bf6 13. Qc2 Nxc4 14. bxc4
Nb4 15. Qd2 Qxd3 16. Qxd3 Nxd3 17. Kc2 Bf5 18. Kb3 a5 19. a4 Ra6 20. Ra2 Nb4
21. Re2 Rxe2 22. Nxe2 Bd3 23. Nfg1 Nc2 24. Rd1 Rb6+ 25. Ka2 Bxc4# 0-1

[Event "VI Torneo Parthenope A"]
[Site "Napoli ITA"]
[Date "2014.06.17"]
[Round "5"]
[White "Vannini, Aldo"]
[Black "Baccelliere, Antonio"]
[WhiteElo "1775"]
[BlackElo "1700"]
[Result "1/2-1/2"]
[PlyCount "66"]
[EventDate "2014.05.22"]

1. e4 e5 2. Nf3 Nc6 3. Bc4 Bc5 4. O-O Nf6 5. d3 d6 6. Bg5 Bg4 7. c3 O-O 8. a4
h6 9. Bxf6 Qxf6 10. b4 Bxb4 11. cxb4 Nd4 12. Nbd2 Qg6 13. Kh1 Kh8 14. Nb3 f5
15. Nbxd4 exd4 16. Rg1 fxe4 17. dxe4 Qxe4 18. Bd3 Qd5 19. Be2 c5 20. Ra3 Rae8
21. Rd3 Rf4 22. Re1 Rfe4 23. Ng1 c4 24. Rd2 d3 25. f3 dxe2 26. Qc2 Rd4 27. Rxd4
Qxd4 28. fxg4 Qd3 29. Rxe2 Rxe2 30. Qxe2 Qb3 31. h4 c3 32. g5 hxg5 33. hxg5 g6
1/2-1/2

[Event "VI Torneo Parthenope A"]
[Site "Napoli ITA"]
[Date "2014.06.19"]
[Round "6"]
[White "Auletta, Pasquale"]
[Black "Farina, Walter"]
[WhiteElo "1557"]
[BlackElo "1606"]
[Result "1-0"]
[PlyCount "83"]
[EventDate "2014.05.22"]

1. e4 e5 2. Nf3 Nc6 3. d4 exd4 4. Nxd4 Qf6 5. Nb3 Bd6 6. Nc3 Nge7 7. h4 Bf4 8.
Bxf4 Qxf4 9. Bc4 d6 10. g3 Qg4 11. Qxg4 Bxg4 12. Nb5 O-O-O 13. Bxf7 Bf3 14.
Be6+ Kb8 15. Rf1 Bxe4 16. O-O-O Bf5 17. N3d4 Nxd4 18. Nxd4 g6 19. Nxf5 Nxf5 20.
h5 Ng7 21. Bf7 Nxh5 22. Rde1 Ng7 23. g4 Rdf8 24. Re7 Ne8 25. Rfe1 Nf6 26. g5
Nh5 27. Rd7 Rc8 28. Ree7 Rhf8 29. b3 Nf4 30. Be6 Nxe6 31. Rxe6 Rxf2 32. Rxh7
Rg8 33. Rxg6 Rff8 34. Rxg8 Rxg8 35. g6 b6 36. g7 Kb7 37. Kd2 Kc6 38. Ke3 Kd5
39. Kf4 Ke6 40. Kg5 Kf7 41. Kf5 Ke7 42. Kg6 1-0

[Event "VI Torneo Parthenope A"]
[Site "Napoli ITA"]
[Date "2014.06.19"]
[Round "6"]
[White "Baccelliere, Antonio"]
[Black "Angelotti, Mario"]
[WhiteElo "1700"]
[BlackElo "1718"]
[Result "1-0"]
[PlyCount "71"]
[EventDate "2014.05.22"]

1. e4 e5 2. Nf3 Nf6 3. Nc3 Bb4 4. Nxe5 O-O 5. Bc4 Bxc3 6. bxc3 d6 7. Nf3 Nxe4
8. O-O d5 9. Bb3 c6 10. Re1 Bg4 11. Qe2 Ng5 12. Ba3 Nxf3+ 13. gxf3 Bh3 14. Qe5
Nd7 15. Qg3 Bf5 16. Bxf8 Nxf8 17. Re5 Qf6 18. Rae1 a5 19. a4 h5 20. Kh1 Kh7 21.
Qf4 Bg6 22. Qxf6 gxf6 23. Re7 Kh6 24. Rxb7 Ne6 25. c4 Ng5 26. cxd5 Nxf3 27. Re3
Nxd2 28. dxc6 Be4+ 29. Kg1 Bxc6 30. Rxf7 Kg5 31. Re6 Nf3+ 32. Kf1 Ne5 33. f4+
Kxf4 34. Rfxf6+ Ke4 35. Rxc6 Nxc6 36. Rxc6 1-0

[Event "VI Torneo Parthenope A"]
[Site "Napoli ITA"]
[Date "2014.06.19"]
[Round "6"]
[White "Baltzopoulos, Giorgos"]
[Black "Esposito, Luca"]
[WhiteElo "2003"]
[BlackElo "2214"]
[Result "0-1"]
[PlyCount "62"]
[EventDate "2014.05.22"]

1. d4 Nf6 2. c4 c5 3. d5 b5 4. Nf3 g6 5. cxb5 a6 6. Nc3 d6 7. e4 Bg7 8. Be2 O-O
9. O-O axb5 10. Bxb5 Ba6 11. Bxa6 Nxa6 12. Bf4 Nd7 13. Re1 Qc7 14. Qd2 Rfb8 15.
Rab1 c4 16. Nd4 Nb4 17. Ncb5 Qc5 18. a3 Nd3 19. b4 Qb6 20. Be3 Nxe1 21. Rxe1
Rb7 22. Rc1 Qa6 23. Nc3 Qxa3 24. Nc6 Ne5 25. Bd4 Nd3 26. Rf1 Bxd4 27. Nxd4 Qxb4
28. Nc6 Qb2 29. Qg5 Qxc3 30. Nxe7+ Rxe7 31. Qxe7 Ra1 0-1

[Event "VI Torneo Parthenope A"]
[Site "Napoli ITA"]
[Date "2014.06.19"]
[Round "6"]
[White "Caiazzo, Diego"]
[Black "Tortorella, Eduardo"]
[WhiteElo "1780"]
[BlackElo "1493"]
[Result "1-0"]
[PlyCount "85"]
[EventDate "2014.05.22"]

1. d4 d5 2. c4 dxc4 3. e3 b5 4. Qf3 c6 5. a4 Qd5 6. Qd1 b4 7. f3 e5 8. dxe5
Qxd1+ 9. Kxd1 Be6 10. Ne2 a5 11. Nd4 Bc5 12. Nxe6 fxe6 13. Bxc4 Ke7 14. Ke2 Nh6
15. Nd2 Nd7 16. f4 Ng4 17. Ne4 Nh6 18. Rd1 Bb6 19. Bd2 Nc5 20. Nxc5 Bxc5 21.
Rac1 Bb6 22. Bd3 c5 23. Be1 Rad8 24. Bh4+ Kf7 25. Bxd8 Rxd8 26. h3 Ng8 27. Bxh7
Rxd1 28. Bxg8+ Kxg8 29. Rxd1 c4 30. Rd6 Bc5 31. Rc6 c3 32. bxc3 Bf8 33. cxb4
axb4 34. Kd3 Kf7 35. a5 Ke7 36. Rc7+ Kd8 37. Rb7 Kc8 38. a6 Bc5 39. e4 g6 40.
g4 Bf8 41. Kd4 Bh6 42. Rxb4 Bxf4 43. a7 1-0

[Event "VI Torneo Parthenope A"]
[Site "Napoli ITA"]
[Date "2014.06.19"]
[Round "6"]
[White "De Rosa, Francesco"]
[Black "Donadio, Andrea"]
[WhiteElo "1917"]
[BlackElo "1909"]
[Result "1-0"]
[PlyCount "53"]
[EventDate "2014.05.22"]

1. d4 d5 2. c4 c6 3. Nf3 Nf6 4. g3 Bf5 5. Bg2 e6 6. Qb3 Qc8 7. Nc3 Bd6 8. Bg5
Nbd7 9. Rc1 h6 10. Bxf6 Nxf6 11. O-O O-O 12. Ne5 Qb8 13. cxd5 exd5 14. Nd3 Re8
15. Qd1 Re7 16. a3 Qe8 17. e3 b6 18. Nb4 Bxb4 19. axb4 Qd7 20. Qa4 Ne4 21. Nxe4
Bxe4 22. Qxc6 Qxc6 23. Rxc6 Rd8 24. Rfc1 Bd3 25. Rc8 Rxc8 26. Rxc8+ Kh7 27.
Bxd5 1-0

[Event "VI Torneo Parthenope A"]
[Site "Napoli ITA"]
[Date "2014.06.19"]
[Round "6"]
[White "Franzese, Luigi"]
[Black "Supino, Domenico"]
[WhiteElo "1864"]
[BlackElo "2074"]
[Result "0-1"]
[PlyCount "116"]
[EventDate "2014.05.22"]

1. Nf3 Nf6 2. g3 g6 3. Bg2 Bg7 4. O-O O-O 5. d4 d6 6. Nc3 Nbd7 7. e4 c6 8. h3
e5 9. dxe5 dxe5 10. Qe2 Qe7 11. Rd1 Nc5 12. a4 a5 13. b3 b6 14. Ba3 Ba6 15. Qe3
Nfd7 16. Ne1 Qe6 17. Kh2 f5 18. Qd2 Rf6 19. h4 fxe4 20. Nxe4 Nxe4 21. Bxe4 Nc5
22. Bxc5 bxc5 23. f3 Bc8 24. Qg2 Bd7 25. Nd3 Bf8 26. Nb2 Qe8 27. Nc4 Bf5 28.
Qe2 Bxe4 29. Qxe4 Re6 30. Rd3 h6 31. Rad1 g5 32. Rd7 Bg7 33. Ne3 Re7 34. Qxc6
Rxd7 35. Rxd7 gxh4 36. Qd5+ Kh8 37. g4 Rb8 38. Nf5 Bf8 39. Qd3 Qg6 40. Nxh4
Qxd3 41. Rxd3 c4 42. bxc4 Rb4 43. Ng6+ Kg7 44. Nxe5 Rxa4 45. f4 Ra2 46. Rd2 a4
47. Nd7 Bb4 48. Rg2 a3 49. c5 Rb2 50. c6 Bd6 51. Ne5 a2 52. Nc4 Bxf4+ 53. Kh3
Rb1 54. Re2 Rh1+ 55. Kg2 Rh2+ 56. Kf3 Rxe2 57. Kxf4 a1=Q 58. c7 Qf1+ 0-1

[Event "VI Torneo Parthenope A"]
[Site "Napoli ITA"]
[Date "2014.06.19"]
[Round "6"]
[White "Seletsky, Grigory"]
[Black "Messina, Enrico"]
[WhiteElo "2341"]
[BlackElo "2169"]
[Result "1-0"]
[PlyCount "57"]
[EventDate "2014.05.22"]

1. e4 c5 2. Nf3 d6 3. Bb5+ Bd7 4. Bxd7+ Qxd7 5. O-O Nc6 6. b3 Nf6 7. Re1 g5 8.
Bb2 e5 9. c4 Be7 10. d3 O-O-O 11. Nc3 g4 12. Nd2 Rdg8 13. Nd5 h5 14. Nf1 h4 15.
Nxf6 Bxf6 16. f4 Qe7 17. Ne3 Rg6 18. Nd5 Qd8 19. f5 Rgg8 20. a3 Nd4 21. Kh1 Bg5
22. Bxd4 cxd4 23. b4 Bf4 24. a4 Bxh2 25. Kxh2 g3+ 26. Kh3 Rg5 27. Qf3 Rhh5 28.
a5 Kb8 29. Rac1 1-0

[Event "VI Torneo Parthenope A"]
[Site "Napoli ITA"]
[Date "2014.06.19"]
[Round "6"]
[White "Sparice, Lorenzo"]
[Black "Freda, Guido"]
[WhiteElo "1473"]
[BlackElo "1570"]
[Result "0-1"]
[PlyCount "80"]
[EventDate "2014.05.22"]

1. Nf3 d5 2. c4 dxc4 3. e3 Bg4 4. Qa4+ Nc6 5. Ne5 Bd7 6. Nxc6 Bxc6 7. Qxc4 e6
8. Nc3 Nf6 9. e4 e5 10. Be2 Be7 11. d3 h6 12. Be3 O-O 13. Bc5 a6 14. Bxe7 Qxe7
15. Qb3 Rad8 16. Qc2 Rd4 17. O-O Rfd8 18. Rad1 b5 19. Bf3 Bb7 20. Ne2 R4d7 21.
Rd2 c5 22. Rfd1 Rc7 23. Ng3 Qe6 24. Be2 Qxa2 25. Nh5 Qe6 26. Nxf6+ Qxf6 27. b4
Qe7 28. bxc5 Rxc5 29. Qb2 Rd4 30. f4 Kh8 31. fxe5 Qxe5 32. Rf1 f6 33. Rf5 Qd6
34. Qa3 b4 35. Qb2 Rxf5 36. exf5 a5 37. Qa1 Qe5 38. Bg4 Rxg4 39. d4 Qe3+ 40.
Rf2 Rxg2+ 0-1

[Event "VI Torneo Parthenope A"]
[Site "Napoli ITA"]
[Date "2014.06.19"]
[Round "6"]
[White "Zinnai, Graziano Matteo"]
[Black "Buiano, Fabio"]
[WhiteElo "2032"]
[BlackElo "2066"]
[Result "0-1"]
[PlyCount "68"]
[EventDate "2014.05.22"]

1. e4 Nc6 2. Nf3 e5 3. Bb5 a5 4. O-O Na7 5. Bd3 d6 6. c3 g6 7. Bc2 Bg7 8. d4
Bg4 9. Be3 Nc6 10. Ba4 Bd7 11. d5 Nb8 12. c4 Na6 13. Nc3 Ne7 14. a3 O-O 15.
Bxd7 Qxd7 16. Nd2 f5 17. f3 Nc5 18. b4 axb4 19. axb4 Nd3 20. Rxa8 Rxa8 21. Qb1
Nf4 22. g3 Ra3 23. Nb3 Nh3+ 24. Kg2 f4 25. Bc1 Ra8 26. g4 Ng5 27. Rf2 h5 28. h3
Kf7 29. Rf1 Rh8 30. Qd3 Nxh3 31. gxh5 Rxh5 32. Rh1 Nf2 33. Kxf2 Rxh1 34. Nd2
Rxc1 0-1

[Event "VI Torneo Parthenope A"]
[Site "Napoli ITA"]
[Date "2014.06.26"]
[Round "7"]
[White "Angelotti, Mario"]
[Black "Caiazzo, Diego"]
[WhiteElo "1718"]
[BlackElo "1780"]
[Result "1/2-1/2"]
[PlyCount "137"]
[EventDate "2014.05.22"]

1. e4 e6 2. d4 d5 3. Nd2 dxe4 4. Nxe4 Nd7 5. Nf3 Ngf6 6. Bd3 Be7 7. O-O O-O 8.
c4 Nxe4 9. Bxe4 Nf6 10. Bc2 c5 11. Be3 Qb6 12. Rb1 Qc7 13. Qd3 g6 14. Rfd1 Rd8
15. Qc3 Ng4 16. d5 Bf6 17. Qd2 Nxe3 18. Qxe3 Kg7 19. Ng5 exd5 20. Rxd5 Rxd5 21.
cxd5 Bd7 22. b3 Re8 23. Ne4 Bd4 24. Qf3 Bf5 25. Re1 Qd7 26. d6 b6 27. Re2 Bxe4
28. Bxe4 Qxd6 29. g3 Qf6 30. Kg2 Qxf3+ 31. Kxf3 f5 32. Bd3 Rxe2 33. Bxe2 Kf6
34. Bd3 g5 35. h3 h6 36. Kg2 Ke5 37. f3 f4 38. g4 Be3 39. Kf1 Kd4 40. Ke2 Kc3
41. Bc4 Bd4 42. a4 a6 43. Bd5 b5 44. axb5 axb5 45. Kd1 c4 46. bxc4 bxc4 47. Be4
Be3 48. Bc2 Kd4 49. Be4 c3 50. Kc2 Bd2 51. Kd1 Ke3 52. Kc2 Kf2 53. Kd1 Kg3 54.
Ke2 Kxh3 55. Bg6 Kg3 56. Be4 Bc1 57. Kd3 Bb2 58. Ke2 Ba3 59. Bc2 Bb4 60. Bg6
Kh4 61. Kf2 Bc5+ 62. Kg2 Be3 63. Kh2 Bf2 64. Kg2 Be1 65. Kh2 c2 66. Bxc2 h5 67.
Bf5 Bc3 68. Be6 Bd4 69. Bf5 1/2-1/2

[Event "VI Torneo Parthenope A"]
[Site "Napoli ITA"]
[Date "2014.06.26"]
[Round "7"]
[White "Buiano, Fabio"]
[Black "Baltzopoulos, Giorgos"]
[WhiteElo "2066"]
[BlackElo "2003"]
[Result "1-0"]
[PlyCount "67"]
[EventDate "2014.05.22"]

1. e4 c5 2. Nf3 d6 3. c3 Nf6 4. Be2 Nc6 5. d4 cxd4 6. cxd4 Nxe4 7. d5 Qa5+ 8.
Nc3 Nxc3 9. bxc3 Nd8 10. O-O e5 11. Rb1 Bd7 12. Ng5 Be7 13. f4 Bxg5 14. fxg5
O-O 15. Bd3 g6 16. Qf3 b6 17. h4 Nb7 18. h5 Qxc3 19. Bb2 Qd2 20. Qf6 gxh5 21.
Rf3 Rac8 22. Ba3 Bg4 23. Bb4 Rc1+ 24. Kh2 Qd1 25. Bxh7+ Kxh7 26. g6+ fxg6 27.
Qe7+ Kh6 28. Qxf8+ Kg5 29. Qf6+ Kh6 30. Qf8+ Kg5 31. Rxc1 Qxc1 32. Qf6+ Kh6 33.
Rf2 Qc7 34. Qh8+ 1-0

[Event "VI Torneo Parthenope A"]
[Site "Napoli ITA"]
[Date "2014.06.26"]
[Round "7"]
[White "De Rosa, Francesco"]
[Black "Seletsky, Grigory"]
[WhiteElo "1917"]
[BlackElo "2341"]
[Result "0-1"]
[PlyCount "138"]
[EventDate "2014.05.22"]

1. d4 c5 2. d5 e6 3. c4 exd5 4. cxd5 d6 5. Nc3 Be7 6. Nf3 a6 7. a4 Nf6 8. g3
O-O 9. Bg2 Re8 10. Qd3 Bg4 11. Nd2 Nbd7 12. Nc4 Nb6 13. a5 Nxc4 14. Qxc4 Bf8
15. Bg5 Bc8 16. Qf4 Be7 17. O-O h6 18. Bxf6 Bxf6 19. Qd2 Bf5 20. Na4 Qe7 21. e4
Bd7 22. Nb6 Rad8 23. Rfe1 Bb5 24. Bf1 Qe5 25. Rab1 Qh5 26. Bxb5 axb5 27. Qe2
Qg6 28. Qxb5 Rxe4 29. Nc4 Qf5 30. Ne3 Qd7 31. Qxd7 Rxd7 32. Rec1 Bg5 33. Rc4
Re5 34. b4 Bxe3 35. fxe3 cxb4 36. e4 f5 37. exf5 Rxd5 38. Rcxb4 Rxf5 39. Rxb7
Rxb7 40. Rxb7 Rxa5 41. Kg2 Ra2+ 42. Kh3 Kh7 43. Rd7 Rd2 44. Kg4 Kg6 45. Kf4 h5
46. h4 Kf6 47. Ke3 Rd1 48. Ke4 g6 49. Ra7 Rg1 50. Kf4 Rf1+ 51. Ke4 Ke6 52. Ra5
d5+ 53. Ke3 Ke5 54. Rb5 Rf6 55. Ra5 Rb6 56. Ra3 Rb4 57. Kf3 Rg4 58. Ke3 g5 59.
hxg5 Rxg5 60. Ke2 d4 61. Rf3 Rf5 62. Rd3 Ke4 63. Ra3 Rb5 64. Ke1 Rc5 65. Ra6
Ke3 66. Re6+ Kd3 67. Rh6 Kc2 68. Rf6 d3 69. Rf2+ Kc1 0-1

[Event "VI Torneo Parthenope A"]
[Site "Napoli ITA"]
[Date "2014.06.26"]
[Round "7"]
[White "Esposito, Luca"]
[Black "Vannini, Aldo"]
[WhiteElo "2214"]
[BlackElo "1775"]
[Result "1-0"]
[PlyCount "47"]
[EventDate "2014.05.22"]

1. d4 d5 2. c4 e6 3. Nc3 a6 4. cxd5 exd5 5. Bf4 Nf6 6. e3 c6 7. Bd3 Bd6 8. Nge2
Be6 9. Qc2 Qc7 10. h3 Nbd7 11. g4 c5 12. g5 Nh5 13. Bxd6 Qxd6 14. Bxh7 Rc8 15.
Bf5 b5 16. Bxe6 Qxe6 17. dxc5 Rxc5 18. Nd4 Qe5 19. Qf5 g6 20. Qxe5+ Nxe5 21.
Ke2 Kd7 22. Rhd1 Re8 23. Nb3 Rcc8 24. Rxd5+ 1-0

[Event "VI Torneo Parthenope A"]
[Site "Napoli ITA"]
[Date "2014.06.26"]
[Round "7"]
[White "Farina, Walter"]
[Black "Capozzoli, Silvio"]
[WhiteElo "1606"]
[BlackElo "1743"]
[Result "1-0"]
[PlyCount "49"]
[EventDate "2014.05.22"]

1. b3 c5 2. Bb2 d5 3. e3 Nc6 4. Bb5 Bd7 5. Nf3 Nf6 6. O-O a6 7. Bxc6 Bxc6 8. c4
e6 9. Ne5 Qc7 10. Nxc6 Qxc6 11. d4 Be7 12. dxc5 Qxc5 13. Nc3 dxc4 14. Na4 Qc7
15. Rc1 O-O 16. Rxc4 Qa5 17. Nc3 Qg5 18. Ne4 Nxe4 19. Rxe4 Rfd8 20. Qe2 Rac8
21. Rg4 Qd5 22. Rxg7+ Kh8 23. Rg5+ e5 24. Rxe5 Qd7 25. Rxe7+ 1-0

[Event "VI Torneo Parthenope A"]
[Site "Napoli ITA"]
[Date "2014.06.26"]
[Round "7"]
[White "Freda, Guido"]
[Black "Ghiani, Marco"]
[WhiteElo "1570"]
[BlackElo "1497"]
[Result "1-0"]
[PlyCount "53"]
[EventDate "2014.05.22"]

1. d4 Nf6 2. c4 g6 3. Nc3 d5 4. cxd5 Nxd5 5. Nxd5 Qxd5 6. e3 Bf5 7. Nf3 Bg7 8.
Qa4+ Bd7 9. Qc2 Bf5 10. Qxc7 Qd7 11. Qc3 O-O 12. Bd3 Rc8 13. Qb3 Bxd3 14. Qxd3
Nc6 15. Bd2 e5 16. d5 f5 17. Qb3 Nd8 18. O-O b6 19. Bb4 Kh8 20. Rfd1 Nb7 21.
Ng5 h6 22. Ne6 Nd8 23. Rd2 Nxe6 24. dxe6 Qe8 25. e7 Bf6 26. Qe6 Kg7 27. Rd7 1-0

[Event "VI Torneo Parthenope A"]
[Site "Napoli ITA"]
[Date "2014.06.26"]
[Round "7"]
[White "Messina, Enrico"]
[Black "Franzese, Luigi"]
[WhiteElo "2169"]
[BlackElo "1864"]
[Result "1-0"]
[PlyCount "41"]
[EventDate "2014.05.22"]

1. e4 e5 2. d4 exd4 3. Qxd4 Nc6 4. Qe3 d6 5. Nc3 Nf6 6. Bd2 Be7 7. O-O-O a5 8.
f4 O-O 9. Nf3 Ng4 10. Qe1 f5 11. h3 Nf6 12. exf5 Bxf5 13. g4 Nxg4 14. hxg4 Bxg4
15. Bc4+ Kh8 16. Qe4 h5 17. Qg6 Rf6 18. Qxg4 g6 19. Rxh5+ gxh5 20. Qxh5+ Kg7
21. Rg1+ 1-0

[Event "VI Torneo Parthenope A"]
[Site "Napoli ITA"]
[Date "2014.06.26"]
[Round "7"]
[White "Sparice, Lorenzo"]
[Black "Solombrino, Giovanni"]
[WhiteElo "1473"]
[BlackElo "1859"]
[Result "0-1"]
[PlyCount "58"]
[EventDate "2014.05.22"]

1. Nf3 Nf6 2. c4 c5 3. Nc3 Nc6 4. e3 d5 5. d4 cxd4 6. Nxd4 g6 7. Nxd5 Nxd5 8.
Nxc6 bxc6 9. cxd5 Qxd5 10. Qxd5 cxd5 11. Bb5+ Bd7 12. Bxd7+ Kxd7 13. O-O e5 14.
Rb1 Rc8 15. a3 Bg7 16. b4 Rc2 17. Rd1 Ke6 18. Rd2 Rhc8 19. Rxc2 Rxc2 20. b5 d4
21. b6 axb6 22. Rxb6+ Kd5 23. Rb1 d3 24. a4 d2 25. Bxd2 Rxd2 26. g3 Ke4 27. Rb7
f5 28. Rxg7 Kf3 29. Rxh7 Rd1# 0-1

[Event "VI Torneo Parthenope A"]
[Site "Napoli ITA"]
[Date "2014.06.26"]
[Round "7"]
[White "Supino, Domenico"]
[Black "Baccelliere, Antonio"]
[WhiteElo "2074"]
[BlackElo "1700"]
[Result "1-0"]
[PlyCount "25"]
[EventDate "2014.05.22"]

1. e4 e5 2. Nf3 Nc6 3. Bc4 Bc5 4. O-O Nf6 5. d4 exd4 6. e5 d5 7. exf6 dxc4 8.
fxg7 Rg8 9. Bg5 Qd5 10. Nc3 Qf5 11. Ne4 Rxg7 12. Re1 Be6 13. Nh4 1-0

[Event "VI Torneo Parthenope A"]
[Site "Napoli ITA"]
[Date "2014.06.26"]
[Round "7"]
[White "Taurisano, Vincenzo"]
[Black "Zinnai, Graziano Matteo"]
[WhiteElo "1934"]
[BlackElo "2032"]
[Result "0-1"]
[PlyCount "82"]
[EventDate "2014.05.22"]

1. e4 c5 2. Nf3 e6 3. d4 cxd4 4. Nxd4 a6 5. c4 Qc7 6. Be2 Nf6 7. Nc3 Nc6 8. O-O
Nxd4 9. Qxd4 Bd6 10. h3 h5 11. Bg5 Be5 12. Qd3 Ng4 13. Bxg4 hxg4 14. f4 Qc5+
15. Kh2 Bc7 16. e5 f5 17. exf6 Qxg5 18. Ne4 Qf5 19. fxg7 Rg8 20. Rae1 Kf7 21.
Nd6+ Bxd6 22. Qxd6 gxh3 23. Re5 Qc2 24. Kxh3 Rxg7 25. Rg5 Qxb2 26. Rxg7+ Qxg7
27. Rf3 Qf8 28. Qd3 d6 29. f5 exf5 30. Qd5+ Ke7 31. Rd3 Be6 32. Qxd6+ Kf7 33.
Qb6 Qe7 34. c5 Bc4 35. Rf3 Qe1 36. Kh2 Rh8+ 37. Rh3 Qe5+ 38. Kg1 Qd4+ 39. Kh2
Qf4+ 40. Kg1 Rxh3 41. Qxb7+ Kg6 0-1